LEADER 00550nam a2200169 i 4500 001 000000256999 003 CaOOAMICUS 005 20180123000000.0 008 180123s1871 it u000 u ita u 013 $a235907 040 $aSeMil$bita 245 10$a3. 300 $a482 p. :$bill. 773 0 $aMaineri, Baccio Emanuele$tStragi di Parigi nel 1871.$dMilano : Enrico Politti, pref. 1871.$g3$w()5956 850 $aSeMil 852 $aSeMil$W1$xVenegono$y1$m3T IV 3 FA$j207345$B207345$CSeMilBibl$Z2$F220857 $8I 996 $6245$a3$9(OLS)http://semarc/title/47129 LEADER 01157nam a2200265 i 4500 001 000000114725 003 CaOOAMICUS 005 20030424000000.0 008 030424s1972 fr u000 u fre u 013 $a87412 040 $aSeMil$bita 100 1 $aAtal, Dosithée.$0(OLS)http://semarc/name/47940 245 10$aStructure et signification des cinq premiers versets de l'hymne johannique au logos /$cDosithée Atal. 260 $aLouvain ; Paris :$bNauwelaerts,$c1972. 300 $a88 p. ;$c24 cm. 490 0 $aRecherches africaines de théologie ;$v3 500 $aFondo Card. C.M. Martini. 650 4$aBibbia - NT - Giovanni, 1,1-5.$0(OLS)http://semarc/subject/20914 830 0$aRecherches africaines de théologie ;$v3.$0(OLS)http://semarc/title/12128 850 $aSeMil 852 $aSeMil$W1$xVenegono$y1$m2V IV 10$j70269$B70269$CSeMilBibl$Z2$F87476 $81 941 1 $a4 961 $aOmaggio: Martini Card. Carlo Maria 996 $6245$aStructure et signification des cinq premiers versets de l'hymne johannique au logos$9(OLS)http://semarc/title/167761 996 $6260$aLouvain ; Paris :$bNauwelaerts$9(OLS)http://semarc/publisher/30118